| 000 | 00426nam a2200145Ia 4500 | ||
|---|---|---|---|
| 003 | GCL | ||
| 008 | 140319s9999 xx 000 0 ara d | ||
| 040 |
_aGCL / _cGCL |
||
| 082 | 0 | 4 |
_aط _b503 _bل م |
| 100 | 1 | _aلميس محمد محمود | |
| 245 | 1 | 0 |
_aموسوعة العلوم / _cلميس محمد محمود |
| 700 | 1 | _aمحمد حمود | |
| 300 | _a200 ص | ||
| 490 |
_aالموسوعة العلمية الملونة _v0 |
||
| 999 |
_c48279 _d48279 |
||